Základy poisťovníctva Európskej únie
Salvato in:
| Autore principale: | |
|---|---|
| Natura: | Libro |
| Lingua: | slovacco |
| Pubblicazione: |
Bratislava
EUROUNION
2001
|
| Soggetti: | |
| Tags: |
Nessun Tag, puoi essere il primo ad aggiungerne!!
|
MARC
| LEADER | 00000nam a2200000 4500 | ||
|---|---|---|---|
| 001 | c131479 | ||
| 005 | 20221124104935.2 | ||
| 020 | |a 80-88984-27-0 | ||
| 041 | 0 | |a slo | |
| 044 | |a SK | ||
| 245 | 1 | 0 | |a Základy poisťovníctva Európskej únie |c Jozef Komorník ... [et al.] |
| 264 | 1 | |a Bratislava |b EUROUNION |c 2001 | |
| 300 | |a 182 s. | ||
| 610 | 2 | 0 | |a poisťovníctvo |
| 610 | 2 | 0 | |a integrácia ekonomická medzinárodná |
| 610 | 2 | 0 | |a trh kapitálový |
| 610 | 2 | 0 | |a kovy vzácne |
| 610 | 2 | 0 | |a trh finančný |
| 610 | 2 | 0 | |a trh poistný |
| 610 | 2 | 0 | |a služby finančné |
| 610 | 2 | 0 | |a poistenie |
| 610 | 2 | 0 | |a poistenie životné |
| 610 | 2 | 0 | |a dohody medzinárodné |
| 610 | 2 | 0 | |a financovanie projektové |
| 610 | 2 | 0 | |a riziko |
| 610 | 2 | 0 | |a účtovníctvo |
| 610 | 2 | 0 | |a Slovensko |
| 610 | 2 | 0 | |a Európska únia |
| 100 | 1 | |a Komorník, Jozef | |